| 000 | 01342nam a22003137a 4500 | ||
|---|---|---|---|
| 001 | 712 | ||
| 005 | 20240108142018.0 | ||
| 020 | _a9780737757910 (hardcover) | ||
| 020 | _a9780531289983 | ||
| 040 |
_aDLC _cDLC _dDLC _beng |
||
| 050 | 0 | 0 |
_aTD427.P4 _bE9325 2011 |
| 082 | 0 | 0 |
_a363.738/2097983 _222 |
| 100 | _aBenoit, Peter | ||
| 245 | 0 | 4 |
_aThe Exxon Valdez oil spill / _cNoah Berlatsky |
| 260 |
_aNew York : _bScholastic, _c2011. |
||
| 300 |
_a48 pages : _bcolor illustrations ; _c22 cm |
||
| 490 | 0 | _aPerspectives on modern world history | |
| 505 | _aU | ||
| 520 | _aDescribes the 1989 oil spill caused by damage to the Exxon Valdez ship off the coast of Alaska, detailing the events leading up to the spill, how it affected the wildlife and environment of Alaska, and the spill's long term effect. | ||
| 521 |
_a830
_bLexile |
||
| 521 |
_aU
_bRaz-Plus |
||
| 650 | 0 |
_aOil spills _xEnvironmental aspects _zAlaska _zPrince William Sound Region. |
|
| 650 | 0 |
_aTankers _xAccidents _xEnvironmental aspects _zAlaska _zPrince William Sound Region. |
|
| 650 | 0 |
_aOil pollution of the sea _zAlaska _zPrince William Sound Region. |
|
| 650 | 0 |
_aOil pollution of rivers, harbors, etc. _zAlaska _zPrince William Sound Region. |
|
| 700 | 1 |
_aBerlatsky, Noah _ceditor |
|
| 906 |
_a7 _bcbc _corignew _d1 _eecip _f20 _gy-gencatlg |
||
| 942 |
_2ddc _cBK _n0 |
||
| 999 |
_c712 _d712 |
||